LEADER 01131nam0 22003013i 450 001 RML0428130 005 20231121125802.0 010 $a9781316605899 100 $a20180518d2016 ||||0itac50 ba 101 | $aeng 102 $agb 181 1$6z01$ai $bxxxe 182 1$6z01$an 200 1 $aTeaching probability$fJenny Gage, David Spiegelhalter 210 $aCambridge$cCambridge University Press$dc2016 215 $aVIII, 197 p.$d24 cm : ill. ; 24 cm. 700 1$aGage$b, Jenny$3UBOV393233$01446658 701 1$aSpiegelhalter$b, David J.$3MILV138561$065673 790 1$aSpiegelhalter$b, D. J.$3VIAV163588$zSpiegelhalter, David J. 790 1$aSpiegelhalter$b, David John$3VIAV163589$zSpiegelhalter, David J. 801 3$aIT$bIT-01$c20180518 850 $aIT-FR0098 899 $aBiblioteca Area Giuridico Economica$bFR0098 $eN 912 $aRML0428130 950 0$aBiblioteca Area Giuridico Economica$d 53ATENE 33 98$e 53ATE0000237375 VMN A4 $fA $h20180518$i20180518 977 $a 53 996 $aTeaching probability$93633912 997 $aUNICAS